Uncover and Assemble the Pieces of a Flag! #1 - Statistics

General Stats
  • This quiz has been taken 127 times
  • The average score is 5 of 10
Answers on the Map
Answers color-coded by a green-red scale on the quiz's map according to % correct below.
 
Answer Stats
Question Answer % Correct
Q2: Which national flag has the Angkor Wat? Cambodia
76%
Q3: Which colour is predominant in the flag of Macau? Green
73%
Q4: What is the most populous country with a crescent on its flag? Pakistan
66%
Q8: How many stripes are on the Malaysian flag? 14
57%
Q9: In order from top to bottom (all stripes): Blue, white, red, white, blue. Which flag is this? Costa Rica
52%
Q5: What is depicted on the flag of Lebanon? Cedar
48%
Q1: Which national flag has the largest percentage of the colour blue? Federated States of Micronesia
43%
Q7: Which animal is depicted on the Anguillan flag? Dolphin
32%
Q6: "Seven horizontal stripes alternating green and white; in the canton, a white open hand below a semicircle of seven five-pointed stars on a red field." (Wikipedia). Which flag may this be of? Abkhazia
30%
WHAT IS THE UNCOVERED FLAG? Sudan
23%
No matching quizzes found
Score Distribution
Percent of People with Each Score
Percentile by Number Answered
Your Score History
You have not taken this quiz